000 00409nam a2200145 i 4500
001 bg
100 1 _aBORN, Joachim
245 0 _aSchalen, Faltwerke, Rippenkuppeln und Hängedächer.
_nBd. 2,
_pZylinderschalen. Shedschalen. Regelschalen /
_cJ. Born.
260 _aDüsseldorf,
_c1963.
040 _cBPK
041 _apol
080 _a692.4:624.074
942 _cKS
008 s pl f |000 0 pol
999 _c8100
_d8100
856 _uhttp://koha.tu.koszalin.pl/cgi-bin/koha/opac-detail.pl?biblionumber=8100
_yKatalog online BPK